000 00509nam a2200181Ia 4500
008 230718s9999 xx 000 0 und d
020 _a9788121926165
041 _aeng
082 _a620.1
_bKHU
100 _aKhurmi R.S.
_9141538
245 _aTextbook Of Engineering Mechanics
250 _a20th Revised ed.
260 _c2014
_bS. Chand
300 _a765
_dRef 435 G (54079)
365 _cRs.
_b695.00
700 _aKhurmi R.S.
_9141538
906 _dO:0360006-Oct-2016B:SE/SI/339430-Sep-2016
_cBSH
_b1946
999 _c343449
_d343449